Do you know your vampire movies? - Statistics

General Stats
  • This quiz has been taken 44 times
  • The average score is 8 of 30
Answer Stats
Year Movie Stars % Correct
1992 Dracula Gary Oldman, Winona Ryder
93%
1994 Interview with the Vampire Brad Pitt, Tom Cruise
85%
1972 Dracula A.D. 1972 Christopher Lee, Peter Cushing
70%
1922 Nosferatu Max Schreck, Alexander Granach
65%
1998 Blade Wesley Snipes, Stephen Dorff
60%
1987 The Lost Boys Jason Patric, Kiefer Sutherland
53%
2003 Underworld Kate Beckinsale, Scott Speedman
50%
2012 Hotel Transylvania Adam Sandler, Selena Gomez
48%
2008 Låt den rätte komma in Kåre Hedebrant, Lina Leandersson
40%
1985 Fright Night Chris Sarandon, William Ragsdale
33%
2007 30 Days of Night Josh Hartnett, Melissa George
28%
2013 Only Lovers Left Alive Tilda Swinton, Tom Hiddleston
28%
1972 Blacula William Marshall, Vonetta McGee
20%
1979 Salem's Lot David Soul, James Mason
20%
1987 Near Dark Adrian Pasdar, Jenny Wright
18%
1983 The Hunger Catherine Deneuve, David Bowie
18%
1964 The Last Man on Earth Vincent Price, Franca Bettoia
15%
2014 A Girl Walks Home Alone At Night Sheila Vand, Arash Marandi
13%
1993 Cronos Federico Luppi, Ron Perlman
13%
2009 Daybreakers Ethan Hawke, Willem Dafoe
13%
2000 Blood: The Last Vampire Yuki Kudo, Saemi Nakamura
10%
2012 Byzantium Saoirse Ronan, Gemma Arterton
10%
1936 Dracula's Daughter Gloria Holden, Otto Kruger
10%
1943 Son of Dracula Lon Chaney Jr, Robert Paige
10%
1967 Dance of the Vampires Jack MacGowran, Roman Polanski
5%
2009 Suck Rob Stefaniuk, Jessica Paré
5%
2013 Afflicted Derek Lee, Clif Prowse
3%
1915 Les Vampires Musidora, Edouard Mathé
3%
1963 The Kiss of the Vampire Clifford Evans, Edward de Souza
3%
2010 Stake Land Connor Paolo, Nick Damici
0%
No matching quizzes found
Score Distribution
Percent of People with Each Score
Percentile by Number Answered
Your Score History
You have not taken this quiz